[Event "SR 4. liga A21 2011/2012"]
[Site "?"]
[Date "2012.01.15"]
[Round "7.3"]
[White "Celustkova, Lubica"]
[Black "Damborsky, Pavol"]
[Result "0-1"]
[WhiteElo "1430"]
[BlackElo "1769"]
[PlyCount "78"]
[EventDate "2011.??.??"]

1. e4 e5 2. Nf3 d6 3. d4 exd4 4. Nxd4 Nf6 5. Nc3 Be7 6. Bc4 c6 7. Qd3 h6 8. O-O
O-O 9. Nce2 a6 10. a4 Nbd7 11. Ng3 Ne5 12. Qc3 Nxc4 13. Qxc4 c5 14. Ndf5 Be6
15. Qd3 Qc7 16. Qf3 Bxf5 17. Nxf5 Kh8 18. Qh3 Nh7 19. Re1 Qd8 20. Bf4 Ng5 21.
Qh5 Nh7 22. Qg4 Rg8 23. e5 dxe5 24. Rad1 Qf8 25. Bxe5 f6 26. Bc7 Re8 27. Nxe7
Rxe7 28. Re6 Rxc7 29. Red6 Qf7 30. Rd7 Rxd7 31. Rxd7 Qe8 32. h3 Qc8 33. Qd1 Qb8
34. Qd5 Re8 35. g3 b6 36. Qf7 Rg8 37. Rb7 Qd8 38. Rd7 Qe8 39. Qd5 Ng5 0-1

[Event "SR 4. liga A21 2011/2012"]
[Site "?"]
[Date "2012.01.15"]
[Round "7.3"]
[White "Cerovsky, Marian"]
[Black "Gasa, Patrik"]
[Result "1/2-1/2"]
[WhiteElo "1733"]
[BlackElo "1727"]
[PlyCount "45"]
[EventDate "2011.??.??"]

1. e4 c5 2. Nc3 Nc6 3. Nf3 g6 4. a3 Bg7 5. Bc4 e6 6. d3 Nge7 7. Bd2 O-O 8. O-O
d5 9. Ba2 Re8 10. Qc1 b6 11. Bh6 Bh8 12. Ne2 Bb7 13. Ng5 Qd6 14. f4 Nd4 15.
Nxd4 Bxd4+ 16. Kh1 Bh8 17. e5 Qc6 18. Nf3 d4 19. Bg5 Nf5 20. Rf2 Ne3 21. Qd2
Ng4 22. Re2 Ne3 23. Rf2 1/2-1/2

[Event "SR 4. liga A21 2011/2012"]
[Site "?"]
[Date "2012.01.15"]
[Round "7.3"]
[White "Dubecky, Ladislav"]
[Black "Klimes, Juraj"]
[Result "0-1"]
[WhiteElo "1574"]
[BlackElo "1521"]
[PlyCount "102"]
[EventDate "2011.??.??"]

1. e4 e5 2. f4 Nc6 3. Nf3 d6 4. Bc4 Nf6 5. Nc3 Bg4 6. O-O Nxe4 7. fxe5 Nxc3 8.
Bxf7+ Kxf7 9. Ng5+ Ke8 10. Qxg4 Nxe5 11. Re1 Be7 12. Qe6 Qd7 13. dxc3 Qxe6 14.
Nxe6 Kd7 15. Nd4 Rhf8 16. Rf1 Rxf1+ 17. Kxf1 Rf8+ 18. Ke2 c5 19. Nf3 Nxf3 20.
gxf3 Rf5 21. Bd2 Re5+ 22. Kf1 Bg5 23. Bxg5 Rxg5 24. c4 Rh5 25. Kg2 Rh4 26. b3
Rd4 27. Rf1 Rd2+ 28. Rf2 Rxf2+ 29. Kxf2 Ke6 30. Ke3 Kf5 31. a3 b6 32. c3 a6 33.
h3 g5 34. b4 h6 35. b5 a5 36. a4 h5 37. Ke2 Kf4 38. Kf2 h4 39. Ke2 Kg3 40. Ke3
Kxh3 41. Ke4 Kg3 42. Kd5 h3 43. Kc6 h2 44. Kxb6 h1=Q 45. Kxa5 Qxf3 46. Kb6 Qxc3
47. a5 Qxc4 48. a6 Qd5 49. Kc7 Qa8 50. Kxd6 c4 51. Kc5 c3 0-1

[Event "SR 4. liga A21 2011/2012"]
[Site "?"]
[Date "2012.01.15"]
[Round "7.3"]
[White "Nemeckay, Rastislav"]
[Black "Kovarik, Oto"]
[Result "1-0"]
[WhiteElo "1808"]
[BlackElo "2018"]
[PlyCount "99"]
[EventDate "2011.??.??"]

1. e4 c5 2. Nf3 e6 3. d4 cxd4 4. Nxd4 a6 5. Bd3 g6 6. O-O Bg7 7. c3 Ne7 8. Nb3
O-O 9. Bg5 Nbc6 10. N1d2 d5 11. Nf3 Qc7 12. Qe2 b6 13. Rfd1 Bb7 14. Qe3 Rae8
15. Bh6 f5 16. Bxg7 Kxg7 17. Nbd4 Nxd4 18. Nxd4 Qd7 19. exf5 Nxf5 20. Nxf5+
exf5 21. Qxb6 Re6 22. Qd4+ Kf7 23. Re1 Rfe8 24. Kf1 Qd6 25. g3 Rxe1+ 26. Rxe1
Rxe1+ 27. Kxe1 Kg8 28. Kf1 Qc6 29. b3 a5 30. c4 a4 31. Qxd5+ Qxd5 32. cxd5 axb3
33. axb3 Bxd5 34. Bc4 Bxc4+ 35. bxc4 Kf7 36. Ke2 g5 37. f4 gxf4 38. gxf4 Ke6
39. Kd3 Kd6 40. Kd4 Ke6 41. Kc5 Kd7 42. Kb6 Kd6 43. c5+ Kd5 44. c6 Ke4 45. c7
Kxf4 46. c8=Q Kg4 47. Qg8+ Kf3 48. Qxh7 f4 49. Qf5 Ke3 50. h4 1-0

[Event "SR 4. liga A21 2011/2012"]
[Site "?"]
[Date "2012.01.15"]
[Round "7.3"]
[White "Pipiska, Adam"]
[Black "Blanarik, Dominik"]
[Result "1/2-1/2"]
[WhiteElo "1299"]
[BlackElo "1552"]
[PlyCount "48"]
[EventDate "2011.??.??"]

1. e4 e6 2. d4 c6 3. Bc4 Nf6 4. Nc3 Bb4 5. Bd2 Bxc3 6. bxc3 Nxe4 7. Qg4 Nxd2 8.
Kxd2 Qf6 9. Nf3 O-O 10. Rhe1 d5 11. Bd3 Qh6+ 12. Kd1 Nd7 13. Ng5 Nf6 14. Qf4
Bd7 15. Re3 e5 16. dxe5 Ne4 17. Bxe4 dxe4 18. Rxe4 Rad8 19. Ke1 Qg6 20. Rd1 h6
21. Red4 hxg5 22. Qd2 Qe6 23. Rxd7 Qxe5+ 24. Qe3 Qf6 1/2-1/2

[Event "SR 4. liga A21 2011/2012"]
[Site "?"]
[Date "2012.01.15"]
[Round "7.4"]
[White "Beran, Jan st"]
[Black "Skapik, Branislav"]
[Result "1/2-1/2"]
[WhiteElo "1712"]
[BlackElo "1848"]
[PlyCount "139"]
[EventDate "2011.??.??"]

1. d4 e6 2. c4 Nf6 3. Nc3 Bb4 4. e3 d5 5. Qc2 Bd7 6. Nf3 Nc6 7. Bd3 dxc4 8.
Bxc4 Ne7 9. O-O Bc6 10. Ne5 Bd6 11. Nxc6 Nxc6 12. Bb5 O-O 13. Bxc6 bxc6 14. h3
Qe7 15. Ne4 Nxe4 16. Qxe4 c5 17. dxc5 Bxc5 18. Qc2 Rfd8 19. Bd2 Rd5 20. Rfd1
Rad8 21. Bc3 Qd6 22. Rxd5 Qxd5 23. a3 Bb6 24. b4 c5 25. bxc5 Qxc5 26. Qb2 Qg5
27. Rc1 h6 28. Bd4 Bxd4 29. exd4 Rxd4 30. Rc8+ Rd8 31. Rxd8+ Qxd8 32. Qb3 Qc7
33. a4 g6 34. g3 Kg7 35. h4 Qe5 36. Qb4 a5 37. Qb5 Qe1+ 38. Kg2 Qd2 39. Kg1 g5
40. hxg5 Qxg5 41. Kg2 Qd5+ 42. Kg1 f5 43. Kf1 Kf6 44. Qe8 Ke5 45. Ke2 Qc4+ 46.
Ke3 f4+ 47. gxf4+ Qxf4+ 48. Ke2 Qc4+ 49. Kf3 Qf4+ 50. Kg2 Qg5+ 51. Kf3 h5 52.
Qb8+ Kf5 53. Qb5+ Kf6 54. Qe8 h4 55. Qf8+ Kg6 56. Qe8+ Kf5 57. Qf7+ Ke5 58.
Qc7+ Kf6 59. Qd8+ Kf5 60. Qf8+ Qf6 61. Qxf6+ Kxf6 62. Kg4 Ke5 63. Kxh4 Kf4 64.
Kh3 Kf3 65. Kh4 e5 66. Kg5 Ke4 67. Kg4 Kd4 68. f3 e4 69. fxe4 Kxe4 70. Kg3
1/2-1/2

[Event "SR 4. liga A21 2011/2012"]
[Site "?"]
[Date "2012.01.15"]
[Round "7.4"]
[White "Dest, Stanislav"]
[Black "Galik, Martin"]
[Result "1-0"]
[WhiteElo "1000"]
[BlackElo "1394"]
[PlyCount "103"]
[EventDate "2011.??.??"]

1. d4 d5 2. Nf3 Nf6 3. e3 Bf5 4. Nbd2 e6 5. c3 Bd6 6. Be2 Nbd7 7. Qb3 b6 8. Qd1
c5 9. O-O c4 10. Re1 O-O 11. h3 Re8 12. Nh4 Be4 13. Nhf3 Bf5 14. Bf1 Nh5 15. g4
Bg6 16. gxh5 Bxh5 17. Be2 Qf6 18. Kh1 Qf5 19. Bf1 Nf8 20. Bg2 Ng6 21. e4 dxe4
22. Nxe4 Bc7 23. Ng3 Bxf3 24. Qxf3 Qb5 25. Rb1 Rad8 26. Qc6 Qxc6 27. Bxc6 Re7
28. Bb5 Bxg3 29. fxg3 Rc7 30. Be3 Rd5 31. Ba4 Ra5 32. Bc2 Rxa2 33. Bxg6 hxg6
34. Bf4 Rd7 35. Re2 Ra5 36. Kg2 Rad5 37. Re5 Rxe5 38. Bxe5 f6 39. Bf4 Kf7 40.
Ra1 Rb7 41. Ra4 b5 42. Ra2 Ke7 43. Kf3 g5 44. Be3 Kd6 45. g4 Kd5 46. Bf2 Re7
47. Ra5 Rb7 48. Ra6 Rb6 49. Rxa7 g6 50. Bg3 Kc6 51. Rc7+ Kd5 52. Rc5# 1-0

[Event "SR 4. liga A21 2011/2012"]
[Site "?"]
[Date "2012.01.15"]
[Round "7.4"]
[White "Hanzluvka, Peter"]
[Black "Tokos, Rastislav"]
[Result "1-0"]
[WhiteElo "1987"]
[BlackElo "1883"]
[PlyCount "113"]
[EventDate "2011.??.??"]

1. e4 e5 2. Nf3 Nc6 3. Bc4 Nf6 4. O-O Bc5 5. c3 O-O 6. d4 Bd6 7. Re1 h6 8. Nbd2
Re8 9. Nf1 exd4 10. cxd4 Rxe4 11. Rxe4 Nxe4 12. Qd3 Ng5 13. Nxg5 hxg5 14. Qg6
Qf6 15. Qh5 Bf4 16. Bxf4 gxf4 17. Re1 Ne7 18. Nd2 d5 19. Bxd5 Be6 20. Bxe6 fxe6
21. Ne4 Qg6 22. Qe5 f3 23. Ng3 Nd5 24. h4 Kf7 25. Re4 Re8 26. Rg4 Qf6 27. Qh5+
g6 28. Qh7+ Qg7 29. Qxg7+ Kxg7 30. h5 Ne7 31. Re4 Nf5 32. hxg6 Nxg3 33. fxg3
fxg2 34. d5 e5 35. Kxg2 Kxg6 36. Kf3 Kf5 37. Rc4 Re7 38. g4+ Kg5 39. a4 a5 40.
b4 axb4 41. Rxb4 c6 42. dxc6 bxc6 43. a5 Rf7+ 44. Ke3 Ra7 45. Ra4 Ra6 46. Ke4
Kf6 47. g5+ Ke6 48. g6 c5 49. g7 Ra8 50. a6 Kf6 51. a7 Kxg7 52. Kxe5 c4 53. Kd4
c3 54. Kxc3 Kf6 55. Kd4 Ke6 56. Kc5 Kd7 57. Kb6 1-0

[Event "SR 4. liga A21 2011/2012"]
[Site "?"]
[Date "2012.01.15"]
[Round "7.4"]
[White "Palka, Martin"]
[Black "Pericka, Tomas"]
[Result "0-1"]
[WhiteElo "1876"]
[BlackElo "2008"]
[PlyCount "41"]
[EventDate "2011.??.??"]

1. e4 c5 2. Nf3 Nc6 3. d4 cxd4 4. Nxd4 g6 5. Nc3 Bg7 6. Be3 Nf6 7. Bc4 Qa5 8.
O-O O-O 9. Bb3 d6 10. h3 a6 11. Re1 Re8 12. Qd3 Qh5 13. Nxc6 bxc6 14. Bd2 Nd7
15. Na4 Ne5 16. Qg3 c5 17. c3 Bf6 18. Bd1 Qh4 19. Qxh4 Bxh4 20. Be2 Rb8 21. b3
{bielemu zazvonil mobil} 0-1

[Event "SR 4. liga A21 2011/2012"]
[Site "?"]
[Date "2012.01.15"]
[Round "7.4"]
[White "Pericka, Pavol"]
[Black "Bendzela, Tibor"]
[Result "1-0"]
[WhiteElo "1743"]
[BlackElo "1455"]
[PlyCount "67"]
[EventDate "2011.??.??"]

1. e4 d5 2. exd5 Qxd5 3. Nc3 Qd6 4. Bc4 c6 5. d3 Bf5 6. Nf3 e6 7. h3 Nf6 8. O-O
Nbd7 9. Be3 Be7 10. Qd2 Nb6 11. Bf4 Nxc4 12. dxc4 Qxd2 13. Nxd2 Bxc2 14. Rac1
Bd3 15. Rfe1 Bb4 16. a3 Bxc3 17. Rxc3 Bg6 18. Bd6 h5 19. h4 Rd8 20. c5 Nd5 21.
Rg3 Ne7 22. Nc4 Nf5 23. Rb3 b5 24. cxb6 axb6 25. Bc7 Rd4 26. Rxb6 Kd7 27. Rb7
Kc8 28. Na5 Rd5 29. Ra7 Nd4 30. Bb6 Rh7 31. Bxd4 Rxd4 32. Nxc6 Rxh4 33. Rd1 Rc4
34. Rd8# 1-0

[Event "SR 4. liga A21 2011/2012"]
[Site "?"]
[Date "2012.01.15"]
[Round "7.5"]
[White "Bajcar, Pavol"]
[Black "Berger, Patrik"]
[Result "0-1"]
[WhiteElo "1627"]
[BlackElo "1731"]
[PlyCount "84"]
[EventDate "2011.??.??"]

1. d4 Nf6 2. Bf4 d5 3. e3 Bf5 4. Bd3 Bg6 5. Nf3 Nbd7 6. Nbd2 e6 7. O-O Bd6 8.
Bg3 O-O 9. Qe2 Qe7 10. Rfc1 e5 11. dxe5 Nxe5 12. Nxe5 Bxe5 13. Bxe5 Qxe5 14. b3
Rad8 15. Bxg6 hxg6 16. Nf3 Qe7 17. c3 c5 18. Rd1 Ne4 19. Rac1 Rd7 20. Qc2 Rfd8
21. Qb2 Qf6 22. Qc2 g5 23. h3 Qe7 24. Nd2 f5 25. Nxe4 dxe4 26. Kf1 Kf7 27. Ke2
Rd3 28. Ke1 b5 29. c4 b4 30. Rxd3 exd3 31. Qd2 f4 32. Rd1 Qe4 33. Kf1 g4 34. h4
Qh7 35. g3 fxg3 36. fxg3 Qe4 37. Qf2+ Ke7 38. Ke1 Rf8 39. Qg1 Rf3 40. Kd2 Qf5
41. Ke1 Ke6 42. Qg2 Rxe3+ 0-1

[Event "SR 4. liga A21 2011/2012"]
[Site "?"]
[Date "2012.01.15"]
[Round "7.5"]
[White "Brisudova, Veronika"]
[Black "Podjavorinsky, Peter"]
[Result "1-0"]
[WhiteElo "1864"]
[BlackElo "1733"]
[PlyCount "51"]
[EventDate "2011.??.??"]

1. e4 e5 2. Nf3 Nf6 3. Nxe5 d6 4. Nf3 Nxe4 5. d4 d5 6. Bd3 Bg4 7. O-O Be7 8.
Re1 f5 9. c4 Nc6 10. cxd5 Qxd5 11. Bxe4 fxe4 12. Nc3 Qf5 13. Rxe4 O-O-O 14. d5
Nb4 15. Rxe7 Nxd5 16. Nxd5 Rxd5 17. Qe2 Rhd8 18. Be3 Qg6 19. Bf4 Rc5 20. Qe3
Qc2 21. h3 h5 22. hxg4 hxg4 23. Qe6+ Kb8 24. Re8 Qd3 25. Ne5 Qb5 26. Rxd8# 1-0

[Event "SR 4. liga A21 2011/2012"]
[Site "?"]
[Date "2012.01.15"]
[Round "7.5"]
[White "Harasta, Juraj"]
[Black "Madzo, Anton"]
[Result "1-0"]
[WhiteElo "1719"]
[BlackElo "1526"]
[PlyCount "94"]
[EventDate "2011.??.??"]

1. e4 c5 2. Nf3 Nc6 3. d4 cxd4 4. Nxd4 g6 5. c4 Bg7 6. Be3 Nf6 7. f3 O-O 8. Nc3
d6 9. Be2 a6 10. O-O Ne5 11. Qd2 Be6 12. b3 Qd7 13. Rac1 Nh5 14. Rfd1 Nf6 15.
Rc2 h5 16. Na4 Qd8 17. Nb6 Rb8 18. Nxe6 fxe6 19. c5 dxc5 20. Bxc5 Qxd2 21.
Rcxd2 Nc6 22. Bc4 Kf7 23. Nd7 Nxd7 24. Rxd7 Rfd8 25. Bb6 Rxd7 26. Rxd7 Ne5 27.
Rc7 Nxc4 28. bxc4 Be5 29. Rd7 Ke8 30. Rd3 Rc8 31. c5 Bc7 32. Bxc7 Rxc7 33. Rc3
Kd7 34. a4 Kc8 35. Kf2 Kd7 36. Ke3 b6 37. Rd3+ Kc6 38. cxb6 Kxb6 39. h4 Ka5 40.
Rd4 Rc3+ 41. Kf4 Rc5 42. e5 Rc2 43. g4 Rg2 44. Kg5 hxg4 45. Rxg4 Re2 46. Kxg6
Rxe5 47. h5 Rf5 1-0

[Event "SR 4. liga A21 2011/2012"]
[Site "?"]
[Date "2012.01.15"]
[Round "7.5"]
[White "Harasta, Marian"]
[Black "Podjavorinsky, Michal"]
[Result "0-1"]
[WhiteElo "1639"]
[BlackElo "1000"]
[PlyCount "94"]
[EventDate "2011.??.??"]

1. d4 Nf6 2. c4 g6 3. Nc3 Bg7 4. Nf3 d6 5. e4 Bg4 6. Be2 Bxf3 7. Bxf3 c6 8. b4
Qc7 9. Bb2 O-O 10. a4 Nbd7 11. O-O e5 12. d5 c5 13. b5 Rab8 14. a5 b6 15. axb6
axb6 16. Bg4 Nxg4 17. Qxg4 Nf6 18. Qf3 Ra8 19. Ra6 Rxa6 20. bxa6 Ra8 21. Ra1
Qc8 22. a7 Qd7 23. Nb5 Ne8 24. Ra6 Nc7 25. Nxc7 Qxc7 26. Qa3 Qd7 27. h3 Bf8 28.
Kf1 b5 29. cxb5 Qxb5+ 30. Ke1 Be7 31. Ra5 Qc4 32. Ra4 Qb5 33. Bc3 Qb1+ 34. Ke2
Qc2+ 35. Kf1 Bh4 36. Be1 Qb1 37. Qc3 Qb5+ 38. Qc4 Qxc4+ 39. Rxc4 Rxa7 40. g3
Be7 41. Kg2 Kg7 42. Kf3 Ra3+ 43. Ke2 h5 44. Bd2 h4 45. Be3 hxg3 46. fxg3 Rb3
47. Kf3 Bg5 0-1

[Event "SR 4. liga A21 2011/2012"]
[Site "?"]
[Date "2012.01.15"]
[Round "7.5"]
[White "Tomasovic, Martin"]
[Black "Jarabek, Milan"]
[Result "0-1"]
[WhiteElo "1490"]
[BlackElo "1552"]
[PlyCount "72"]
[EventDate "2011.??.??"]

1. e4 c5 2. Nf3 d6 3. d4 cxd4 4. Nxd4 Nf6 5. Bd3 e6 6. Nc3 Be7 7. Nf3 a6 8. O-O
O-O 9. e5 dxe5 10. Nxe5 Nbd7 11. Bf4 Nxe5 12. Bxe5 Bd7 13. Re1 Bc6 14. Ne2 Qa5
15. Nf4 Rad8 16. Nh5 Qd5 17. Nxf6+ Bxf6 18. Bxh7+ Kxh7 19. Qxd5 Rxd5 20. Bxf6
gxf6 21. c4 Rd2 22. b3 Rfd8 23. a4 Rb2 24. Rab1 Rdd2 25. Rxb2 Rxb2 26. h3 Rxb3
27. Rd1 Bxa4 28. Rd4 Bc6 29. Rh4+ Kg7 30. Rg4+ Kf8 31. h4 Rd3 32. h5 Ke7 33.
Rg8 Rd8 34. Rxd8 Kxd8 35. f3 Ke7 36. Kf2 a5 0-1

[Event "SR 4. liga A21 2011/2012"]
[Site "?"]
[Date "2012.01.15"]
[Round "7.6"]
[White "Kubis, Ivan"]
[Black "Orvisky, Vladimir"]
[Result "1-0"]
[WhiteElo "1838"]
[BlackElo "2002"]
[PlyCount "49"]
[EventDate "2011.??.??"]

1. e4 Nf6 2. e5 Nd5 3. d4 d6 4. Nf3 Bg4 5. Be2 e6 6. O-O Be7 7. h3 Bh5 8. c4
Nb6 9. Nc3 O-O 10. Be3 Nc6 11. exd6 cxd6 12. d5 Bxf3 13. Bxf3 Ne5 14. dxe6 fxe6
15. Bg4 Nxg4 16. Qxg4 Rf5 17. Rad1 Qc7 18. b3 a6 19. Ne2 Bf6 20. Ng3 Re5 21.
Bd4 Re8 22. Bxe5 Bxe5 23. Rfe1 d5 24. Qh5 Re7 25. Qxe5 1-0

[Event "SR 4. liga A21 2011/2012"]
[Site "?"]
[Date "2012.01.15"]
[Round "7.6"]
[White "Nedorost, Lubomir"]
[Black "Planka, Peter"]
[Result "1-0"]
[WhiteElo "1667"]
[BlackElo "1831"]
[PlyCount "63"]
[EventDate "2011.??.??"]

1. e4 e5 2. Nc3 Nc6 3. Bc4 Nf6 4. d3 Be7 5. f4 exf4 6. Bxf4 d6 7. Nf3 Bg4 8. h3
Bh5 9. g4 Bg6 10. Qe2 h5 11. g5 Nd7 12. O-O-O Nde5 13. Nh4 Bxg5 14. Nxg6 Nxg6
15. Bxg5 Qxg5+ 16. Kb1 Nge5 17. Rhg1 Qh6 18. Bd5 Nd4 19. Qf2 Ndf3 20. Rg3 c6
21. Bb3 Ng5 22. d4 h4 23. Rxg5 Qxg5 24. dxe5 O-O-O 25. exd6 Kb8 26. Qxf7 Rhf8
27. Qc7+ Ka8 28. Be6 Qe5 29. Bg4 Rb8 30. a4 Rf2 31. a5 Qh2 32. Rc1 {
Èierny prekroèil èas!} 1-0

[Event "SR 4. liga A21 2011/2012"]
[Site "?"]
[Date "2012.01.15"]
[Round "7.6"]
[White "Nemsak, Denis"]
[Black "Hudacek, Josef"]
[Result "0-1"]
[WhiteElo "1916"]
[BlackElo "2046"]
[PlyCount "68"]
[EventDate "2011.??.??"]

1. c4 Nf6 2. Nc3 g6 3. e4 d6 4. d4 Nbd7 5. f4 Bg7 6. Nf3 O-O 7. Bd3 e5 8. fxe5
dxe5 9. d5 Ne8 10. Bg5 f6 11. Bh4 Nd6 12. Qe2 b6 13. O-O Qe7 14. a3 Rf7 15. b4
g5 16. Bf2 f5 17. Rae1 Ba6 18. exf5 Nxf5 19. Ne4 h6 20. Ng3 Nd6 21. c5 Bxd3 22.
Qxd3 bxc5 23. bxc5 Ne8 24. Nf5 Qd8 25. Nxg7 Nxg7 26. Nxe5 Nxe5 27. Rxe5 Rb8 28.
d6 cxd6 29. cxd6 Rbb7 30. Qd5 Rbd7 31. Rd1 Qf6 32. Bg3 Nf5 33. Rf1 Ne3 34. Rxf6
Nxd5 {Biely prekrocil cas} 0-1

[Event "SR 4. liga A21 2011/2012"]
[Site "?"]
[Date "2012.01.15"]
[Round "7.6"]
[White "Oravec, Pavol"]
[Black "Danihel, Jozef"]
[Result "1-0"]
[WhiteElo "1528"]
[BlackElo "1546"]
[PlyCount "135"]
[EventDate "2011.??.??"]

1. d4 d5 2. Nf3 Nf6 3. Bf4 e6 4. e3 a6 5. Bd3 Nbd7 6. Nbd2 c5 7. c3 Nh5 8. Bg3
Nxg3 9. hxg3 h6 10. e4 c4 11. Be2 b5 12. exd5 exd5 13. Qc2 Nf6 14. Ne5 Be6 15.
Ndf3 Bd6 16. Ng5 Qe7 17. Nxe6 Qxe6 18. Nf3 Ne4 19. O-O Kf8 20. Rfe1 f5 21. Nh2
Qg6 22. Nf1 Re8 23. Bf3 h5 24. Ne3 Qe6 25. Qe2 g6 26. Nf1 Kg7 27. Bxe4 Qxe4 28.
Qxe4 dxe4 29. Re2 h4 30. g4 Re7 31. gxf5 gxf5 32. Rae1 Rhe8 33. Ne3 Kg6 34. Nd5
Rd7 35. f3 Bh2+ 36. Kxh2 Rxd5 37. fxe4 fxe4 38. Rxe4 Rxe4 39. Rxe4 Kg5 40. Kh3
Rd6 41. Rg4+ Kf5 42. Rxh4 a5 43. Rh5+ Kf4 44. g3+ Kf3 45. Rf5+ Ke4 46. Rxb5 Ra6
47. g4 a4 48. Kg3 Kd3 49. a3 Ke4 50. g5 Ra7 51. Kg4 Rf7 52. Kh5 Rh7+ 53. Kg6
Rh2 54. Kg7 Rg2 55. g6 Rf2 56. Kg8 Kd3 57. g7 Kc2 58. Rb7 Kb1 59. Rf7 Rxb2 60.
Kf8 Rg2 61. g8=Q Rxg8+ 62. Kxg8 Kb2 63. d5 Kxa3 64. d6 Kb2 65. d7 a3 66. d8=Q
a2 67. Rb7+ Kxc3 68. Qa5+ 1-0

[Event "SR 4. liga A21 2011/2012"]
[Site "?"]
[Date "2012.01.15"]
[Round "7.6"]
[White "Vach, Jozef"]
[Black "Sedlak, Rastislav"]
[Result "0-1"]
[WhiteElo "1691"]
[BlackElo "1861"]
[PlyCount "92"]
[EventDate "2011.??.??"]

1. e4 e5 2. Nf3 Nc6 3. Bb5 a6 4. Ba4 Nf6 5. O-O Bc5 6. d3 b5 7. Bb3 h6 8. c3
O-O 9. h3 d6 10. Re1 Be6 11. Bc2 Re8 12. Nbd2 Bb6 13. Nf1 Ne7 14. d4 Ng6 15.
Be3 c6 16. Ng3 Qc7 17. Qd2 Rad8 18. Nf5 d5 19. exd5 Bxd5 20. Ng3 Bxf3 21. gxf3
exd4 22. cxd4 Nh4 23. Bd1 Bxd4 24. Bxd4 Rxe1+ 25. Qxe1 Rxd4 26. Qe3 Qd6 27. Be2
c5 28. Rc1 c4 29. Rc2 Rd1+ 30. Kh2 Nf5 31. Qa7 Rd4 32. Kg2 Nh4+ 33. Kh2 Rd2 34.
Qa8+ Kh7 35. Rxd2 Qxd2 36. Qxa6 Qxb2 37. a4 bxa4 38. Qxc4 a3 39. Qxf7 Ng6 40.
Nf5 Nh5 41. Ne7 Qe5+ 42. Kg2 Qxe7 43. Bc4 Qg5+ 44. Kf1 Qc1+ 45. Kg2 Nh4+ 46.
Kh2 Qf4+ 0-1

[Event "SR 4. liga A21 2011/2012"]
[Site "?"]
[Date "2012.01.29"]
[Round "8.1"]
[White "Kubis, Ivan"]
[Black "Vagovic, Milan"]
[Result "1-0"]
[WhiteElo "2002"]
[BlackElo "1697"]
[PlyCount "71"]
[EventDate "2011.??.??"]

1. e4 e5 2. Nf3 Nc6 3. Bb5 a6 4. Ba4 Nf6 5. O-O d6 6. d4 b5 7. Bb3 Be7 8. c3
Bg4 9. Re1 O-O 10. Be3 Na5 11. Bc2 Nc4 12. Bc1 c6 13. b3 Nb6 14. h3 Bh5 15. g4
Bg6 16. dxe5 dxe5 17. Qxd8 Rfxd8 18. Nxe5 c5 19. Nxg6 hxg6 20. Be3 Nbd7 21. f4
Rac8 22. Nd2 Nh7 23. Nf3 Nhf8 24. Rad1 Nb8 25. Rd5 Rxd5 26. exd5 Bd6 27. c4 b4
28. Nd2 Nbd7 29. Ne4 Bb8 30. a3 a5 31. axb4 axb4 32. Ra1 Nf6 33. Nxc5 Bxf4 34.
Bxf4 Rxc5 35. Ra8 Nxd5 36. Bd6 1-0

[Event "SR 4. liga A21 2011/2012"]
[Site "?"]
[Date "2012.01.29"]
[Round "8.1"]
[White "Pripko, Bystrik"]
[Black "Planka, Peter"]
[Result "1/2-1/2"]
[WhiteElo "1655"]
[BlackElo "1831"]
[PlyCount "48"]
[EventDate "2011.??.??"]

1. e4 e5 2. Nf3 Nc6 3. Bc4 Bc5 4. Nc3 Nf6 5. d3 d6 6. h3 h6 7. O-O O-O 8. a3
Be6 9. Ba2 Bxa2 10. Nxa2 Nd4 11. Be3 Qd7 12. c3 Nxf3+ 13. Qxf3 Bxe3 14. Qxe3
Nh5 15. Nc1 Nf4 16. Ne2 Nxe2+ 17. Qxe2 f5 18. f4 Rae8 19. fxe5 Rxe5 20. Qd2
fxe4 21. Rxf8+ Kxf8 22. Rf1+ Rf5 23. dxe4 Rxf1+ 24. Kxf1 Qb5+ 1/2-1/2

[Event "SR 4. liga A21 2011/2012"]
[Site "?"]
[Date "2012.01.29"]
[Round "8.1"]
[White "Prvy, Alojz"]
[Black "Bartos, Bohumil"]
[Result "1/2-1/2"]
[WhiteElo "1512"]
[BlackElo "1557"]
[PlyCount "63"]
[EventDate "2011.??.??"]

1. Nf3 d6 2. e4 Nf6 3. Nc3 g6 4. Bc4 Bg7 5. h3 O-O 6. d3 Nc6 7. a3 Na5 8. Ba2
c5 9. Bd2 Bd7 10. O-O a6 11. Qe1 Nc6 12. Nd5 e6 13. Nc3 Qc7 14. Bf4 Nh5 15. Bh2
Nd4 16. Nxd4 cxd4 17. Ne2 e5 18. c3 dxc3 19. Nxc3 Nf6 20. Rc1 Qb6 21. b4 Rfc8
22. Nd5 Nxd5 23. Bxd5 Rxc1 24. Qxc1 Rc8 25. Bc4 Qd4 26. Qa1 Qxa1 27. Rxa1 b5
28. Bd5 Rc3 29. Bb7 Bc8 30. Bxc8 Rxc8 31. g4 Rc3 32. a4 1/2-1/2

[Event "SR 4. liga A21 2011/2012"]
[Site "?"]
[Date "2012.01.29"]
[Round "8.1"]
[White "Slaby, Jozef"]
[Black "Hudacek, Josef"]
[Result "0-1"]
[WhiteElo "1856"]
[BlackElo "2046"]
[PlyCount "114"]
[EventDate "2011.??.??"]

1. d4 Nf6 2. c4 g6 3. Nc3 d5 4. e3 Bg7 5. Nf3 O-O 6. Be2 c6 7. O-O dxc4 8. Bxc4
b5 9. Be2 Bb7 10. a3 Nbd7 11. Bd2 a6 12. Rc1 Ne8 13. Ne4 Nd6 14. Ng3 Rc8 15.
Bc3 h6 16. Qd2 Nf6 17. Bd3 Nd5 18. Ba5 Nc7 19. Ne5 Qe8 20. f4 Ne6 21. f5 gxf5
22. Nxf5 Ng5 23. Nxg7 Kxg7 24. Rf4 f5 25. Rcf1 e6 26. Bb4 Rd8 27. Qf2 Rg8 28.
Qg3 Kh7 29. Ng4 Nde4 30. Bxe4 Nxe4 31. Rxe4 fxg4 32. Rxg4 Rxg4 33. Qxg4 Qg6 34.
Qxg6+ Kxg6 35. Bc5 Bc8 36. Rc1 Bd7 37. Kf2 Kf5 38. Kf3 e5 39. Rf1 exd4 40. Bxd4
Kg6 41. Rd1 c5 42. Rc1 cxd4 43. exd4 Kf6 44. g3 Ke6 45. Rc7 a5 46. h4 Kd5 47.
Ke3 Re8+ 48. Kd2 Re7 49. Kc3 Kd6 50. Ra7 a4 51. g4 Re3+ 52. Kd2 Rg3 53. d5 Rxg4
54. Ra6+ Kxd5 55. Rxh6 Kc4 56. Rh7 Rd4+ 57. Kc1 Kb3 0-1

[Event "SR 4. liga A21 2011/2012"]
[Site "?"]
[Date "2012.01.29"]
[Round "8.1"]
[White "Vach, Jozef"]
[Black "Piestansky, Jan"]
[Result "1/2-1/2"]
[WhiteElo "1861"]
[BlackElo "1593"]
[PlyCount "51"]
[EventDate "2011.??.??"]

1. e4 e5 2. Nf3 d6 3. d4 exd4 4. Nxd4 h6 5. Bc4 Nf6 6. Nc3 Be7 7. O-O O-O 8.
Be3 Bd7 9. Qd2 Kh7 10. Rad1 Nc6 11. Nd5 Nxd5 12. exd5 Ne5 13. Bb3 Ng4 14. Qd3+
Kg8 15. Bf4 Bg5 16. Qd2 Bxf4 17. Qxf4 Qf6 18. Qg3 Rfe8 19. h3 Ne5 20. c3 Ng6
21. Bc2 Re5 22. Nf3 Re2 23. Nd4 Re5 24. Nf3 Re2 25. Rd2 Rae8 26. Bxg6 1/2-1/2

[Event "SR 4. liga A21 2011/2012"]
[Site "?"]
[Date "2012.01.29"]
[Round "8.2"]
[White "Gubis, Vladimir"]
[Black "Bajcar, Pavol"]
[Result "1-0"]
[WhiteElo "1837"]
[BlackElo "1627"]
[PlyCount "39"]
[EventDate "2011.??.??"]

1. d4 Nf6 2. c4 d5 3. Nc3 Bf5 4. Nf3 e6 5. a3 b6 6. Bg5 Be7 7. e3 O-O 8. Rc1 c6
9. cxd5 cxd5 10. Ne5 a6 11. Bd3 Bg6 12. O-O Nfd7 13. Bxe7 Qxe7 14. Nxg6 hxg6
15. f4 f5 16. Qb3 b5 17. Nxd5 Qd6 18. Nc7 Nc6 19. Qxe6+ Qxe6 20. Nxe6 1-0

[Event "SR 4. liga A21 2011/2012"]
[Site "?"]
[Date "2012.01.29"]
[Round "8.2"]
[White "Madzo, Anton"]
[Black "Nedorost, Lubomir"]
[Result "1/2-1/2"]
[WhiteElo "1526"]
[BlackElo "1667"]
[PlyCount "37"]
[EventDate "2011.??.??"]

1. Nf3 d5 2. g3 f5 3. d4 Nf6 4. Nc3 e6 5. a3 c6 6. Bg2 Be7 7. O-O O-O 8. Bf4
Nbd7 9. Ne5 Ne4 10. Qe1 Qb6 11. Nxe4 fxe4 12. Qc3 Nxe5 13. Bxe5 Bf6 14. Bxf6
Rxf6 15. e3 Bd7 16. f4 exf3 17. Rxf3 Raf8 18. Rxf6 Rxf6 19. Rf1 1/2-1/2

[Event "SR 4. liga A21 2011/2012"]
[Site "?"]
[Date "2012.01.29"]
[Round "8.2"]
[White "Podjavorinsky, Michal"]
[Black "Oravec, Pavol"]
[Result "0-1"]
[WhiteElo "1000"]
[BlackElo "1528"]
[PlyCount "96"]
[EventDate "2011.??.??"]

1. e4 e6 2. d4 d5 3. exd5 exd5 4. Nf3 Nf6 5. Nc3 Bf5 6. Bg5 Be7 7. Bd3 Bg6 8.
O-O O-O 9. Ne5 Nbd7 10. Bxf6 Nxf6 11. Nxg6 hxg6 12. Re1 Bd6 13. Qf3 c6 14. a3
Qb6 15. Ne2 Rae8 16. b4 Qc7 17. Ng3 Re7 18. Re2 Rxe2 19. Qxe2 Re8 20. Qd2 Bf4
21. Qc3 Qe7 22. Kf1 Ng4 23. h3 Bxg3 24. fxg3 Qf6+ 25. Kg1 Qf2+ 26. Kh1 Ne3 27.
Rg1 Qxg3 28. Qe1 Qg5 29. g4 Qd8 30. Qf2 Nc4 31. Bxc4 dxc4 32. c3 Qd5+ 33. Kh2
Qe4 34. Rf1 Qe2 35. Qxe2 Rxe2+ 36. Kg3 Ra2 37. Re1 Kf8 38. Kf4 Rxa3 39. Re3 a5
40. bxa5 Rxa5 41. h4 Rd5 42. Re5 Rxe5 43. Kxe5 Ke7 44. d5 cxd5 45. Kxd5 b5 46.
Kc5 Ke6 47. Kxb5 Kd5 48. Kb4 f5 0-1